[Event "Stay Safe Play From Home 143"]
[Site "T#645979Emanuel Laske"]
[Date "2020.05.12"]
[Round "4"]
[White "Gmbasti"]
[Black "Praveen prasad"]
[Result "0-1"]
[WhiteElo "1622"]
[BlackElo "2159"]
[Annotator "RC"]
[PlyCount "50"]
[EventDate "2020.05.12"]
[EventType "swiss (blitz)"]

1. c4 {[%emt 0:00:02]} d5 {[%emt 0:00:00]} 2. e3 {[%emt 0:00:00]} dxc4 {[%emt 0:00:01]} 3. Bxc4 {[%emt 0:00:00]} e6 {[%emt 0:00:00]} 4. Qb3 {[%emt 0:00:01]} Nf6 {[%emt 0:00:00]} 5. Nc3 {[%emt 0:00:00]} Be7 {[%emt 0:00:00]} 6. Nge2 {[%emt 0:00:01]} Nc6 {[%emt 0:00:00]} 7. d4 {[%emt 0:00:01]} a6 {[%emt 0:00:00]} 8. a4 {[%emt 0:00:01]} Na5 {[%emt 0:00:01]} 9. Bd2 {[%emt 0:00:03]} Nxb3 {[%emt 0:00:01]} 10. Bxb3 {[%emt 0:00:02]} O-O {[%emt 0:00:00]} 11. O-O {[%emt 0:00:03]} Bd7 {[%emt 0:00:00]} 12. Rfd1 {[%emt 0:00:01]} Bc6 {[%emt 0:00:00]} 13. f3 {[%emt 0:00:01]} Nd5 {[%emt 0:00:00]} 14. Nxd5 {[%emt 0:00:02]} exd5 {[%emt 0:00:00]} 15. Nf4 {[%emt 0:00:02]} Re8 {[%emt 0:00:01]} 16. e4 {[%emt 0:00:01]} Bg5 {[%emt 0:00:01]} 17. exd5 {[%emt 0:00:02]} Bxf4 {[%emt 0:00:01]} 18. dxc6 {[%emt 0:00:03]} Bxd2 {[%emt 0:00:01]} 19. cxb7 {[%emt 0:00:03]} Qxd4+ {[%emt 0:00:01]} 20. Kh1 {[%emt 0:00:02]} Rab8 {[%emt 0:00:01]} 21. Ra3 {[%emt 0:00:04]} Rxb7 {[%emt 0:00:02]} 22. Ba2 {[%emt 0:00:03]} Qxb2 {[%emt 0:00:01]} 23. Bxf7+ {[%emt 0:00:04]} Kxf7 {[%emt 0:00:01]} 24. Rd3 {[%emt 0:00:00]} Qc2 {[%emt 0:00:02]} 25. R3xd2 {[%emt 0:00:01]} Qxd2 {[%emt 0:00:01] Zeit (Lag: Av=0.50s, max=1.0s)} 0-1

[Event "Stay Safe Play From Home 143"]
[Site "T#645979Emanuel Laske"]
[Date "2020.05.12"]
[Round "4"]
[White "matanant"]
[Black "Tobo Rubirosa"]
[Result "0-1"]
[WhiteElo "1539"]
[BlackElo "1389"]
[Annotator "NA RC"]
[PlyCount "52"]
[EventDate "2020.05.12"]
[EventType "swiss (blitz)"]

1. b3 {[%emt 0:00:01]} d5 {[%emt 0:00:02]} 2. Bb2 {[%emt 0:00:00]} Bg4 {[%emt 0:00:01]} 3. e3 {[%emt 0:00:00]} Bxd1 {[%emt 0:00:01]} 4. Kxd1 {[%emt 0:00:00]} Nc6 {[%emt 0:00:02]} 5. Kc1 {[%emt 0:00:00]} e5 {[%emt 0:00:01]} 6. Ne2 {[%emt 0:00:01]} Qd7 {[%emt 0:00:01]} 7. c3 {[%emt 0:00:02]} O-O-O {[%emt 0:00:00]} 8. d4 {[%emt 0:00:01]} Nf6 {[%emt 0:00:01]} 9. Ng3 {[%emt 0:00:02]} exd4 {[%emt 0:00:01]} 10. exd4 {[%emt 0:00:02]} Bd6 {[%emt 0:00:00]} 11. Bd3 {[%emt 0:00:02]} Rhe8 {[%emt 0:00:01]} 12. Kc2 {[%emt 0:00:02]} Ne4 {[%emt 0:00:01]} 13. Rf1 {[%emt 0:00:03]} Nxg3 {[%emt 0:00:02]} 14. hxg3 {[%emt 0:00:01]} g6 {[%emt 0:00:01]} 15. Nd2 {[%emt 0:00:01]} Ne7 {[%emt 0:00:02]} 16. b4 {[%emt 0:00:01]} Nf5 {[%emt 0:00:01]} 17. a4 {[%emt 0:00:02]} Kb8 {[%emt 0:00:01]} 18. a5 {[%emt 0:00:02]} b6 {[%emt 0:00:01]} 19. axb6 {[%emt 0:00:01]} cxb6 {[%emt 0:00:01]} 20. b5 {[%emt 0:00:03]} Rc8 {[%emt 0:00:01]} 21. Nb3 {[%emt 0:00:03]} Bb4 {[%emt 0:00:03]} 22. Ra2 {[%emt 0:00:02]} Qc6 {[%emt 0:00:05]} 23. Rfa1 {[%emt 0:00:04]} Bxc3 {[%emt 0:00:01]} 24. Rxa7 {[%emt 0:00:01]} Bxb2+ {[%emt 0:00:02]} 25. Kxb2 {[%emt 0:00:01]} Qc3+ {[%emt 0:00:01]} 26. Kb1 {[%emt 0:00:01]} Qxb3# {[%emt 0:00:02] (Lag: Av=1.13s, max=1.6s)} 0-1

[Event "Stay Safe Play From Home 143"]
[Site "T#645979Emanuel Laske"]
[Date "2020.05.12"]
[Round "4"]
[White "UHU4"]
[Black "Ionutn28"]
[Result "0-1"]
[WhiteElo "1523"]
[BlackElo "1791"]
[Annotator "NA RC"]
[PlyCount "64"]
[EventDate "2020.05.12"]
[EventType "swiss (blitz)"]

1. e4 {[%emt 0:00:01]} c5 {[%emt 0:00:02]} 2. d4 {[%emt 0:00:01]} cxd4 {[%emt 0:00:01]} 3. c3 {[%emt 0:00:01]} dxc3 {[%emt 0:00:02]} 4. Nxc3 {[%emt 0:00:01]} d6 {[%emt 0:00:01]} 5. Nf3 {[%emt 0:00:01]} Nf6 {[%emt 0:00:00]} 6. Bc4 {[%emt 0:00:02]} e6 {[%emt 0:00:01]} 7. O-O {[%emt 0:00:01]} Be7 {[%emt 0:00:01]} 8. Bg5 {[%emt 0:00:01]} O-O {[%emt 0:00:01]} 9. a3 {[%emt 0:00:01]} a6 {[%emt 0:00:00]} 10. Bb3 {[%emt 0:00:01]} b5 {[%emt 0:00:01]} 11. Bc2 {[%emt 0:00:01]} Bb7 {[%emt 0:00:01]} 12. Qd2 {[%emt 0:00:02]} Nc6 {[%emt 0:00:01]} 13. Rad1 {[%emt 0:00:02]} d5 {[%emt 0:00:01]} 14. exd5 {[%emt 0:00:01]} Nxd5 {[%emt 0:00:01]} 15. Nxd5 {[%emt 0:00:06]} exd5 {[%emt 0:00:02]} 16. Qxd5 {[%emt 0:00:03]} Qxd5 {[%emt 0:00:02]} 17. Rxd5 {[%emt 0:00:01]} Bxg5 {[%emt 0:00:01]} 18. Rxg5 {[%emt 0:00:01]} Rac8 {[%emt 0:00:01]} 19. Be4 {[%emt 0:00:05]} h6 {[%emt 0:00:02]} 20. Rd5 {[%emt 0:00:03]} Na5 {[%emt 0:00:03]} 21. Rd4 {[%emt 0:00:03]} Bxe4 {[%emt 0:00:01]} 22. Rxe4 {[%emt 0:00:01]} Nc4 {[%emt 0:00:00]} 23. Re7 {[%emt 0:00:06]} Nxb2 {[%emt 0:00:02]} 24. h3 {[%emt 0:00:01]} Nc4 {[%emt 0:00:01]} 25. Ra7 {[%emt 0:00:01]} Nxa3 {[%emt 0:00:01]} 26. Rxa6 {[%emt 0:00:02]} b4 {[%emt 0:00:00]} 27. Rb6 {[%emt 0:00:01]} Rb8 {[%emt 0:00:01]} 28. Ra6 {[%emt 0:00:02]} Ra8 {[%emt 0:00:01]} 29. Rb6 {[%emt 0:00:01]} Rfb8 {[%emt 0:00:00]} 30. Rxb8+ {[%emt 0:00:03]} Rxb8 {[%emt 0:00:01]} 31. Ra1 {[%emt 0:00:01]} b3 {[%emt 0:00:01]} 32. Rxa3 {[%emt 0:00:01]} b2 {[%emt 0:00:00] Tiempo (Lag: Av=0.65s, max=1.0s)} 0-1

[Event "Stay Safe Play From Home 143"]
[Site "T#645979Emanuel Laske"]
[Date "2020.05.12"]
[Round "4"]
[White "Nagaram"]
[Black "Tavares"]
[Result "0-1"]
[WhiteElo "1505"]
[BlackElo "1877"]
[Annotator "NA RC"]
[PlyCount "38"]
[EventDate "2020.05.12"]
[EventType "swiss (blitz)"]

1. e4 {[%emt 0:00:02]} e5 {[%emt 0:00:02]} 2. Nf3 {[%emt 0:00:01]} Nc6 {[%emt 0:00:00]} 3. Bc4 {[%emt 0:00:01]} Nf6 {[%emt 0:00:01]} 4. Ng5 {[%emt 0:00:01]} d5 {[%emt 0:00:01]} 5. exd5 {[%emt 0:00:00]} b5 {[%emt 0:00:01]} 6. Bxb5 {[%emt 0:00:01]} Nxd5 {[%emt 0:00:02]} 7. Bxc6+ {[%emt 0:00:01]} Bd7 {[%emt 0:00:01]} 8. Bxa8 {[%emt 0:00:01]} Qxa8 {[%emt 0:00:02]} 9. d3 {[%emt 0:00:01]} Be7 {[%emt 0:00:02]} 10. Nc3 {[%emt 0:00:01]} O-O {[%emt 0:00:01]} 11. Nxd5 {[%emt 0:00:01]} Qxd5 {[%emt 0:00:01]} 12. Nf3 {[%emt 0:00:01]} Bc6 {[%emt 0:00:02]} 13. O-O {[%emt 0:00:02]} f5 {[%emt 0:00:01]} 14. Be3 {[%emt 0:00:01]} f4 {[%emt 0:00:02]} 15. Bd2 {[%emt 0:00:02]} Bc5 {[%emt 0:00:01]} 16. c4 {[%emt 0:00:01]} Qxd3 {[%emt 0:00:01]} 17. Bc1 {[%emt 0:00:04]} Qf5 {[%emt 0:00:02]} 18. Bd2 {[%emt 0:00:03]} Rd8 {[%emt 0:00:02]} 19. Qc2 {[%emt 0:00:03]} Qxc2 {[%emt 0:00:02] Nagaram resigns (Lag: Av=0.81s, max=1.1s)} 0-1

[Event "Stay Safe Play From Home 143"]
[Site "T#645979Emanuel Laske"]
[Date "2020.05.12"]
[Round "5"]
[White "Onlyforchess"]
[Black "Eidgenosse"]
[Result "1-0"]
[WhiteElo "2572"]
[BlackElo "2414"]
[Annotator "TA"]
[PlyCount "57"]
[EventDate "2020.05.12"]
[EventType "swiss (blitz)"]

{[%evp 12,56,97,96,95,90,87,-26,53,-23,-8,-25,-7,-83,10,10,22,0,91,91,75,77,96,35,72,-7,0,-41,-24,-71,123,120,851,843,820,801,1152,1144,1106,773,1433,826,818,764,29997,29998,29999]} 1. e4 d6 2. d4 Nf6 3. Nc3 Nbd7 4. f4 e5 5. Nf3 c6 6. dxe5 dxe5 7. fxe5 Ng4 {B07: Pirc Defence: Miscellaneous Systems.} 8. e6 $1 {[%cal Re6f7]} fxe6 {[#]} 9. Bc4 $5 {[%mdl 4] Exploring less charted territory.} (9. Ng5 $1 $16 h5 10. Be2) 9... Nde5 {[#]} (9... Bc5 $1 $11 10. Qe2 Qf6) 10. Bb3 $146 (10. Qxd8+ $14 Kxd8 11. Be2) ({Predecessor:} 10. Qxd8+ Kxd8 11. Nxe5 Nxe5 12. Be2 Bd6 13. Be3 Ke7 14. Bg5+ Ke8 15. Bh5+ g6 16. Be2 {1-0 (61) Rott,G (2205)-Hogenacker,J (2295) Germany 1998}) 10... Qxd1+ $11 11. Nxd1 Bc5 12. Bf4 (12. Nxe5 $11 Nxe5 13. Rf1) 12... Ng6 ({Black should play} 12... Nxf3+ $17 13. gxf3 O-O) 13. Bg3 h5 14. h3 Ne3 (14... h4 $11 15. Bf2 (15. hxg4 hxg3 16. Rxh8+ Nxh8 $11) 15... Nxf2 16. Nxf2 Nf4) 15. Nxe3 $16 Bxe3 16. Rd1 h4 17. Bh2 (17. Bd6 $16) 17... Nf4 $14 18. Bxf4 (18. Kf1 $16 {Black must now prevent Re1.} O-O 19. Bg1 Bxg1 20. Kxg1) 18... Bxf4 $11 19. Ke2 Bd7 20. Rhf1 Bg3 $2 (20... Ke7 $17) 21. Ng5 $16 Rf8 $2 {[%mdl 8192] This costs Black the game.} (21... Bc8 $16) 22. Rxf8+ $18 {[%mdl 64] Overworked Piece} Kxf8 23. Rxd7 a5 24. Nxe6+ Ke8 25. Rxg7 Ra6 26. Bc4 Rb6 {[#]} 27. e5 $1 Rxb2 (27... Bxe5 28. Rh7) 28. Bd3 {[%cal Rd3g6]} Bxe5 29. Bg6# {Accuracy: White = 42%, Black = 36%.} 1-0

[Event "Stay Safe Play From Home 143"]
[Site "T#645979Emanuel Laske"]
[Date "2020.05.12"]
[Round "5"]
[White "Little champs"]
[Black "Don59as"]
[Result "1-0"]
[WhiteElo "2185"]
[BlackElo "2097"]
[Annotator "TA"]
[PlyCount "93"]
[EventDate "2020.05.12"]
[EventType "swiss (blitz)"]

{[%evp 11,93,19,37,31,36,28,24,30,29,9,31,9,14,2,3,0,18,0,0,-9,-9,-17,0,0,0,-99,-84,-200,-49,-278,-269,-460,-470,-422,-340,-341,-337,-314,-342,-314,-312,-312,-312,-370,-373,-483,-467,-470,-366,-313,-166,-237,-231,-304,-186,-213,-211,-195,-158,-492,-489,-444,-459,-464,-429,-1256,-409,-377,-329,-763,-740,-687,0,0,0,-95,0,0,29986,29987,29990,29991,29991,29992]} 1. d4 f5 2. e3 Nf6 3. Nf3 g6 4. g3 Bg7 5. Bg2 O-O 6. O-O d5 7. c4 {A04: Unusual lines after 1 Nf3 and King's Indian Attack.} e6 {[#]} 8. Nc3 $146 ({Predecessor:} 8. cxd5 exd5 9. Nc3 c6 10. b4 Ne4 11. Qc2 Qd6 12. Rb1 b5 13. Bd2 Nd7 14. a4 {0-1 (51) Lee,S (1458)-Mohamad Ramdzan,M Kuala Lumpur 2016}) 8... Ne4 9. Ne5 {White has an edge.} c6 10. f3 (10. Nxe4 {is more complex.} dxe4 11. b3 Nd7 12. Ba3 Nxe5 13. dxe5 Bxe5 14. Bxf8 Qxf8 15. Rc1) 10... Nxc3 11. bxc3 Nd7 12. Nxd7 Bxd7 13. cxd5 exd5 14. Rb1 b6 15. Ba3 Re8 16. Re1 Qg5 17. f4 Qf6 18. c4 (18. Qc2 $11) 18... dxc4 $17 19. d5 (19. Qa4 $17 {was necessary.}) 19... b5 $2 (19... c5 $19 20. Bb2 c3) 20. dxc6 $2 ({White should try} 20. Bc5 $1 $15 Rac8 21. Bxa7) 20... Bxc6 $19 21. Bxc6 $2 (21. Bb2 {is a better defense.} Qe6 22. Bxg7 Kxg7 23. Qd4+ Kg8 24. Bxc6 Qxc6 25. Red1) 21... Qxc6 22. Qd6 Qxd6 23. Bxd6 a6 24. Kf2 Rad8 25. Bb4 Rd3 26. Rbd1 {If only White now had time for Rxd3....} Red8 27. Rxd3 Rxd3 {[%mdl 4096] Endgame KRB-KRB} ({Weaker is} 27... cxd3 28. Rd1 $17) 28. e4 Bd4+ 29. Kg2 fxe4 30. Rxe4 Bf6 (30... Bc3 $142 31. Bc5 Rd5 32. Re8+ Kf7 33. Re7+ Kf6) 31. Re8+ (31. Re6 $142 a5 32. Bxa5) 31... Kg7 32. Rc8 c3 33. Rc7+ {[#]} Kg8 $1 ({Avoid the trap} 33... Kh6 $2 34. g4 $18) 34. Kh3 h5 35. f5 $2 (35. a3 $17 {is more resistant.}) 35... g5 36. Kg2 Rd2+ 37. Kf3 Rxa2 38. Ke4 (38. Rc6 $142 a5 39. Bxc3 Bxc3 40. Rxc3) 38... c2 (38... Ra4 $142 39. Rc8+ Kf7) 39. Kd5 Ra4 40. Rxc2 $2 (40. Bd2 Rc4 41. Rxc4 bxc4 42. Bc1) 40... Rxb4 {KRB-KR} 41. Ke6 Bc3 $2 (41... Rc4 $19 42. Ra2 Kg7 43. Rxa6 Re4+ 44. Kd7 Re5) 42. Rxc3 $11 {Hoping for Rc8+.} Rc4 $1 {[%cal Rc4c3]} 43. Rd3 {[#]} (43. Rxc4 $11 {keeps the balance.} bxc4 44. Ke7) 43... b4 ({Black should play} 43... Rc6+ $1 $17 44. Ke5 Rb6) 44. Rd8+ Kg7 $2 {[%mdl 8192]} (44... Kh7 $11) 45. f6+ {White mates.} Kg6 46. Rg8+ Kh7 47. f7 {Accuracy: White = 48%, Black = 61%.} 1-0

[Event "Stay Safe Play From Home 143"]
[Site "T#645979Emanuel Laske"]
[Date "2020.05.12"]
[Round "5"]
[White "Praveen prasad"]
[Black "rohit2007"]
[Result "0-1"]
[WhiteElo "2161"]
[BlackElo "2213"]
[Annotator "RC"]
[PlyCount "148"]
[EventDate "2020.05.12"]
[EventType "swiss (blitz)"]

1. e4 {[%emt 0:00:02]} c5 {[%emt 0:00:00]} 2. Nf3 {[%emt 0:00:01]} d6 {[%emt 0:00:00]} 3. d4 {[%emt 0:00:00]} cxd4 {[%emt 0:00:00]} 4. Nxd4 {[%emt 0:00:01]} Nf6 {[%emt 0:00:00]} 5. Nc3 {[%emt 0:00:01]} a6 {[%emt 0:00:00]} 6. Bd3 {[%emt 0:00:01]} e5 {[%emt 0:00:01]} 7. Nde2 {[%emt 0:00:00]} Be7 {[%emt 0:00:01]} 8. O-O {[%emt 0:00:00]} O-O {[%emt 0:00:01]} 9. h3 {[%emt 0:00:00]} b5 {[%emt 0:00:01]} 10. Ng3 {[%emt 0:00:00]} Bb7 {[%emt 0:00:01]} 11. a3 {[%emt 0:00:01]} d5 {[%emt 0:00:01]} 12. exd5 {[%emt 0:00:01]} Nxd5 {[%emt 0:00:00]} 13. Nxd5 {[%emt 0:00:01]} Bxd5 {[%emt 0:00:00]} 14. Qh5 {[%emt 0:00:02]} g6 {[%emt 0:00:01]} 15. Qxe5 {[%emt 0:00:01]} Bf6 {[%emt 0:00:01]} 16. Qe2 {[%emt 0:00:02]} Bg7 {[%emt 0:00:01]} 17. Be4 {[%emt 0:00:01]} Bxe4 {[%emt 0:00:01]} 18. Qxe4 {[%emt 0:00:00]} Nd7 {[%emt 0:00:00]} 19. Rd1 {[%emt 0:00:01]} Qc7 {[%emt 0:00:02]} 20. Bf4 {[%emt 0:00:02]} Qc8 {[%emt 0:00:01]} 21. c3 {[%emt 0:00:01]} Nf6 {[%emt 0:00:01]} 22. Qf3 {[%emt 0:00:01]} Qc4 {[%emt 0:00:02]} 23. Be5 {[%emt 0:00:01]} Ne8 {[%emt 0:00:03]} 24. Bxg7 {[%emt 0:00:01]} Nxg7 {[%emt 0:00:00]} 25. Ne4 {[%emt 0:00:01]} f5 {[%emt 0:00:02]} 26. Nd6 {[%emt 0:00:01]} Qb3 {[%emt 0:00:02]} 27. a4 {[%emt 0:00:02]} bxa4 {[%emt 0:00:02]} 28. Ra3 {[%emt 0:00:00]} Qxb2 {[%emt 0:00:01]} 29. Qd5+ {[%emt 0:00:01]} Kh8 {[%emt 0:00:01]} 30. Rxa4 {[%emt 0:00:01]} Ra7 {[%emt 0:00:03]} 31. Rb4 {[%emt 0:00:05]} Qxc3 {[%emt 0:00:03]} 32. Rb7 {[%emt 0:00:03]} Rxb7 {[%emt 0:00:02]} 33. Qxb7 {[%emt 0:00:00]} Qf6 {[%emt 0:00:01]} 34. Qxa6 {[%emt 0:00:02]} Ne6 {[%emt 0:00:01]} 35. Nc4 {[%emt 0:00:02]} Nf4 {[%emt 0:00:01]} 36. Qxf6+ {[%emt 0:00:01]} Rxf6 {[%emt 0:00:00]} 37. Rd7 {[%emt 0:00:02]} Kg8 {[%emt 0:00:03]} 38. Nd6 {[%emt 0:00:01]} Ne6 {[%emt 0:00:01]} 39. g3 {[%emt 0:00:02]} Nf8 {[%emt 0:00:01]} 40. Rd8 {[%emt 0:00:01]} Kg7 {[%emt 0:00:01]} 41. Nc4 {[%emt 0:00:01]} Re6 {[%emt 0:00:01]} 42. Ne3 {[%emt 0:00:01]} Re7 {[%emt 0:00:01]} 43. Rd5 {[%emt 0:00:01]} Rd7 {[%emt 0:00:01]} 44. Rxd7+ {[%emt 0:00:01]} Nxd7 {[%emt 0:00:00]} 45. Kg2 {[%emt 0:00:00]} Kf6 {[%emt 0:00:00]} 46. f4 {[%emt 0:00:00]} h5 {[%emt 0:00:01]} 47. Kf3 {[%emt 0:00:00]} Nc5 {[%emt 0:00:02]} 48. g4 {[%emt 0:00:00]} Ne4 {[%emt 0:00:01]} 49. g5+ {[%emt 0:00:01]} Ke6 {[%emt 0:00:02]} 50. h4 {[%emt 0:00:00]} Nd2+ {[%emt 0:00:01]} 51. Ke2 {[%emt 0:00:01]} Ne4 {[%emt 0:00:01]} 52. Kd3 {[%emt 0:00:00]} Ng3 {[%emt 0:00:01]} 53. Kd4 {[%emt 0:00:00]} Nh1 {[%emt 0:00:01]} 54. Nd1 {[%emt 0:00:01]} Nf2 {[%emt 0:00:00]} 55. Ke3 {[%emt 0:00:01]} Nxd1+ {[%emt 0:00:00]} 56. Ke2 {[%emt 0:00:01]} Nb2 {[%emt 0:00:00]} 57. Kd2 {[%emt 0:00:01]} Nc4+ {[%emt 0:00:00]} 58. Kc3 {[%emt 0:00:00]} Nd6 {[%emt 0:00:00]} 59. Kd4 {[%emt 0:00:00]} Ne4 {[%emt 0:00:00]} 60. Ke3 {[%emt 0:00:00]} Nc3 {[%emt 0:00:01]} 61. Kd4 {[%emt 0:00:00]} Nd5 {[%emt 0:00:00]} 62. Kc5 {[%emt 0:00:00]} Nxf4 {[%emt 0:00:00]} 63. Kd4 {[%emt 0:00:00]} Ng2 {[%emt 0:00:01]} 64. Kd3 {[%emt 0:00:01]} Nxh4 {[%emt 0:00:00]} 65. Ke2 {[%emt 0:00:00]} Nf3 {[%emt 0:00:00]} 66. Kf1 {[%emt 0:00:00]} Nxg5 {[%emt 0:00:00]} 67. Kf2 {[%emt 0:00:00]} Ne4+ {[%emt 0:00:00]} 68. Kg1 {[%emt 0:00:00]} f4 {[%emt 0:00:00]} 69. Kf1 {[%emt 0:00:00]} g5 {[%emt 0:00:00]} 70. Ke1 {[%emt 0:00:00]} g4 {[%emt 0:00:00]} 71. Kd1 {[%emt 0:00:00]} h4 {[%emt 0:00:00]} 72. Ke1 {[%emt 0:00:00]} h3 {[%emt 0:00:00]} 73. Kf1 {[%emt 0:00:00]} h2 {[%emt 0:00:00]} 74. Kg2 {[%emt 0:00:01]} h1=Q+ {[%emt 0:00:00] Time (Lag: Av=0.46s, max=1.1s) .} 0-1

[Event "Stay Safe Play From Home 143"]
[Site "T#645979Emanuel Laske"]
[Date "2020.05.12"]
[Round "5"]
[White "Chessencounter"]
[Black "Tunca"]
[Result "1-0"]
[WhiteElo "2125"]
[BlackElo "1817"]
[Annotator "TA"]
[PlyCount "63"]
[EventDate "2020.05.12"]
[EventType "swiss (blitz)"]

{[%evp 9,63,-29,-18,-37,-11,-67,-24,-65,23,-64,-56,-68,-58,-127,-66,-265,-272,-253,-274,-265,-83,-211,-104,-179,-176,-174,-173,-187,-203,-189,-210,-221,224,198,421,396,435,114,101,-360,-354,-794,-787,-781,-772,-864,-860,-877,-867,-862,-784,-866,-705,-960,318,322]} 1. Nf3 d6 2. d3 e5 3. e4 f5 4. Nc3 Nf6 5. Bg5 Be7 6. exf5 {A04: Unusual lines after 1 Nf3 and King's Indian Attack.} Bxf5 7. Qd2 (7. d4 $11) 7... Nbd7 8. O-O-O {Black has an edge.} O-O {[#]} (8... c5 $15) 9. h3 $146 (9. d4 $11) ({Predecessor:} 9. d4 Ne4 10. Nxe4 Bxe4 11. Bxe7 Qxe7 12. Ng5 Bf5 13. Bc4+ Kh8 14. Rhe1 h6 15. Ne4 {1-0 (32) Lesman,F (2090)-De Boer,E (1795) Hoogeveen 2014}) 9... c6 10. g4 Be6 11. Be2 ({Better is} 11. d4 $15) 11... Nd5 ({Black should try} 11... b5 $17 12. Kb1 b4) 12. Nxd5 $2 (12. Bxe7 $15 Qxe7 13. Ne4) 12... Bxd5 $19 13. Bxe7 Qxe7 14. Qe3 Nc5 $2 (14... Bxa2 15. b3 $11) (14... Bxf3 $19 {and Black stays clearly on top.} 15. Bxf3 Qf7 {[%mdl 64] Double Attack}) 15. Rhg1 (15. d4 $17 Ne6 16. dxe5) 15... Qc7 ({Weaker is} 15... Bxa2 16. d4 $15) (15... Bxf3 $19 16. Bxf3 Qf7) 16. d4 (16. Nh4 $17) 16... exd4 17. Nxd4 Rae8 (17... Bxa2 18. b4 $15) 18. Qc3 Ne4 $1 {[%cal Re4c3]} ({Resist} 18... Rxf2 19. Bc4 $17) ({Don't take} 18... Bxa2 19. Bf3 $17) 19. Qa3 Nxf2 20. Rde1 Nxh3 $4 {[%mdl 8192]} (20... g6 $19 {avoids the disaster. White must now prevent ...Qg7.} 21. Bf3 Qf7 22. Bxd5 Qxd5) 21. Qxh3 $18 Bxa2 $2 (21... g6 22. Qc3 Qf7) 22. Rh1 h6 {[#]} 23. Qa3 $2 (23. g5 $1 $18 {[%mdl 512] has better winning chances.}) 23... Bd5 $16 24. Nf5 $2 {[%mdl 8192]} (24. Rhg1 $16 {stays on course.}) 24... Bxh1 $19 25. Bc4+ $2 (25. Qxd6 Qf7 26. Ne7+ $1 {[%mdl 512]} Rxe7 27. Qxe7 $1 {[%mdl 512]} Qxe7 28. Bc4+ {[%mdl 64] Discovered Attack} Qf7 29. Bxf7+ Rxf7 30. Rxh1) 25... d5 26. Rxh1 dxc4 27. Qc3 Qf4+ 28. Kb1 Qxg4 29. Ne3 Qg5 30. Qxc4+ Kh7 31. Ng4 {[#]} Qxg4 $4 {[%mdl 8192]} (31... Rf4 $1 $19 32. Qd3+ Qg6 33. Qxg6+ Kxg6) 32. Qxg4 {Never resign too early! Accuracy: White = 28%, Black = 35%.} 1-0

[Event "Stay Safe Play From Home 143"]
[Site "T#645979Emanuel Laske"]
[Date "2020.05.12"]
[Round "5"]
[White "SoulofWolf"]
[Black "Mepe_Nika"]
[Result "1-0"]
[WhiteElo "2100"]
[BlackElo "2307"]
[Annotator "RC"]
[PlyCount "137"]
[EventDate "2020.05.12"]
[EventType "swiss (blitz)"]

1. d4 {[%emt 0:00:00]} d5 {[%emt 0:00:01]} 2. Nf3 {[%emt 0:00:00]} c6 {[%emt 0:00:01]} 3. g3 {[%emt 0:00:00]} Nf6 {[%emt 0:00:01]} 4. Bg2 {[%emt 0:00:00]} Bf5 {[%emt 0:00:01]} 5. O-O {[%emt 0:00:00]} e6 {[%emt 0:00:00]} 6. b3 {[%emt 0:00:00]} h6 {[%emt 0:00:01]} 7. Bb2 {[%emt 0:00:00]} Be7 {[%emt 0:00:01]} 8. Nbd2 {[%emt 0:00:00]} O-O {[%emt 0:00:01]} 9. Ne5 {[%emt 0:00:00]} Nbd7 {[%emt 0:00:01]} 10. Ndf3 {[%emt 0:00:00]} Nxe5 {[%emt 0:00:01]} 11. Nxe5 {[%emt 0:00:00]} Nd7 {[%emt 0:00:00]} 12. Nd3 {[%emt 0:00:01]} Bf6 {[%emt 0:00:02]} 13. c3 {[%emt 0:00:01]} Rc8 {[%emt 0:00:02]} 14. b4 {[%emt 0:00:02]} e5 {[%emt 0:00:01]} 15. dxe5 {[%emt 0:00:01]} Nxe5 {[%emt 0:00:01]} 16. Nxe5 {[%emt 0:00:01]} Bxe5 {[%emt 0:00:00]} 17. Qb3 {[%emt 0:00:01]} a5 {[%emt 0:00:01]} 18. a3 {[%emt 0:00:01]} axb4 {[%emt 0:00:01]} 19. axb4 {[%emt 0:00:00]} Ra8 {[%emt 0:00:01]} 20. Rad1 {[%emt 0:00:01]} Qf6 {[%emt 0:00:02]} 21. f4 {[%emt 0:00:07]} Bd6 {[%emt 0:00:01]} 22. c4 {[%emt 0:00:03]} Qg6 {[%emt 0:00:02]} 23. Rd2 {[%emt 0:00:05]} dxc4 {[%emt 0:00:02]} 24. Qxc4 {[%emt 0:00:00]} Rad8 {[%emt 0:00:01]} 25. Rfd1 {[%emt 0:00:01]} Bc7 {[%emt 0:00:01]} 26. e4 {[%emt 0:00:03]} Bb6+ {[%emt 0:00:01]} 27. Kh1 {[%emt 0:00:01]} Rxd2 {[%emt 0:00:02]} 28. Rxd2 {[%emt 0:00:00]} Be6 {[%emt 0:00:02]} 29. Qe2 {[%emt 0:00:06]} Qg4 {[%emt 0:00:01]} 30. Bf3 {[%emt 0:00:01]} Qh3 {[%emt 0:00:02]} 31. f5 {[%emt 0:00:01]} Bxf5 {[%emt 0:00:03]} 32. exf5 {[%emt 0:00:02]} Qxf5 {[%emt 0:00:00]} 33. Bg2 {[%emt 0:00:01]} Qb1+ {[%emt 0:00:01]} 34. Rd1 {[%emt 0:00:01]} Qg6 {[%emt 0:00:00]} 35. Re1 {[%emt 0:00:01]} Kh8 {[%emt 0:00:02]} 36. Qe4 {[%emt 0:00:01]} Qxe4 {[%emt 0:00:01]} 37. Bxe4 {[%emt 0:00:00]} Re8 {[%emt 0:00:02]} 38. Re2 {[%emt 0:00:00]} Bd8 {[%emt 0:00:01]} 39. Bf3 {[%emt 0:00:01]} Rxe2 {[%emt 0:00:01]} 40. Bxe2 {[%emt 0:00:00]} Be7 {[%emt 0:00:00]} 41. Bc3 {[%emt 0:00:02]} Kg8 {[%emt 0:00:01]} 42. Kg2 {[%emt 0:00:00]} b6 {[%emt 0:00:01]} 43. Kf3 {[%emt 0:00:00]} c5 {[%emt 0:00:00]} 44. bxc5 {[%emt 0:00:01]} Bxc5 {[%emt 0:00:01]} 45. Ke4 {[%emt 0:00:00]} Kf8 {[%emt 0:00:01]} 46. h3 {[%emt 0:00:00]} g6 {[%emt 0:00:02]} 47. g4 {[%emt 0:00:00]} Ke7 {[%emt 0:00:02]} 48. Bb5 {[%emt 0:00:01]} f6 {[%emt 0:00:01]} 49. Bc4 {[%emt 0:00:01]} Bd6 {[%emt 0:00:02]} 50. Bd2 {[%emt 0:00:01]} h5 {[%emt 0:00:02]} 51. Be3 {[%emt 0:00:01]} hxg4 {[%emt 0:00:01]} 52. hxg4 {[%emt 0:00:00]} f5+ {[%emt 0:00:00]} 53. gxf5 {[%emt 0:00:01]} gxf5+ {[%emt 0:00:00]} 54. Kxf5 {[%emt 0:00:01]} Bc5 {[%emt 0:00:00] Mepe_Nika offers a draw} 55. Bd2 {[%emt 0:00:01]} Kd7 {[%emt 0:00:01]} 56. Ke4 {[%emt 0:00:01]} Kc6 {[%emt 0:00:00]} 57. Bf7 {[%emt 0:00:02]} b5 {[%emt 0:00:00]} 58. Bd5+ {[%emt 0:00:00]} Kb6 {[%emt 0:00:00]} 59. Kd3 {[%emt 0:00:01]} b4 {[%emt 0:00:00]} 60. Kc4 {[%emt 0:00:00]} b3 {[%emt 0:00:00]} 61. Kxb3 {[%emt 0:00:01]} Bd6 {[%emt 0:00:00]} 62. Bc4 {[%emt 0:00:00]} Kc7 {[%emt 0:00:00]} 63. Be3 {[%emt 0:00:00]} Be5 {[%emt 0:00:00]} 64. Bd4 {[%emt 0:00:00]} Bd6 {[%emt 0:00:00]} 65. Bd3 {[%emt 0:00:00]} Kd7 {[%emt 0:00:00]} 66. Be3 {[%emt 0:00:00]} Ke7 {[%emt 0:00:00]} 67. Bd2 {[%emt 0:00:00]} Kf6 {[%emt 0:00:00]} 68. Be2 {[%emt 0:00:00]} Be5 {[%emt 0:00:00]} 69. Be1 {[%emt 0:00:00] (Lag: Av=0.40s, max=0.6s)} 1-0